000 00668nam a2200229Ia 4500
003 OSt
005 20220926011347.0
006 a|||||r|||| 00| 0
007 ta
008 220923b |||||||| |||| 00| 0 eng d
037 _cGeneral Book
040 _aRTL
_cRTL
_beng
041 _2eng
_aeng
082 _aX:57.1.N6, L0
100 _aHalm George N. Ed.
_9314058
245 0 _aApproaches to greater flexibility of exchange rate
260 _aNew Jersey
_bPrinceton University Press USA
_c1970
300 _axi, 436p
_ccm.
650 _aForeign Exchange
942 _hX:57.1.N6, L0
_cGB
_2CC
999 _c619868
_d619868